| 000 | 01047cam a2200313 i 4500 | ||
|---|---|---|---|
| 001 | 29277 | ||
| 003 | Mx-PuUPA | ||
| 005 | 20251023125109.0 | ||
| 008 | 140415s1998 mx gr 000 0 spa d | ||
| 020 | _a968200334 | ||
| 040 |
_cMx-PuUPA _aMx-PuUPA _bspa _dMx-PuUPA _erda |
||
| 041 | 0 | _aspa | |
| 100 | 1 |
_aLlano Cifuentes, Carlos, _d1932-2010 _9531 _eautor |
|
| 245 | 1 | 0 |
_aSobre la idea práctica / _cCarlos Llano Cifuentes |
| 264 | 1 |
_aCiudad de México : _bUniversidad Panamericana, _c1998 |
|
| 300 |
_a285 páginas ; _c22 cm |
||
| 336 |
_2rdacontent _atexto _btxt |
||
| 337 |
_2rdamedia _asin medio _bn |
||
| 338 |
_2rdacarrier _avolumen _bnc |
||
| 490 | 0 |
_aColección Claves ; _v18 |
|
| 650 | 7 |
_2armarc _aIdea (Filosofía) |
|
| 650 | 7 |
_2armarc _aAntropología filosófica |
|
| 650 | 7 |
_2armarc _aActo (Filosofía) |
|
| 650 | 7 |
_2armarc _aCausalidad _xFilosofía |
|
| 942 |
_2ddc _cLI _h121.4 _iL75 |
||
| 999 |
_c29277 _d29277 |
||